[Event "SRB-chT3 East"]
[Site "Serbia"]
[Date "2017.10.13"]
[Round "7.5"]
[White "Todorovic, Zoran D"]
[Black "Milunovic, Sasa"]
[Result "1-0"]
[WhiteElo "2066"]
[BlackElo "1922"]
[PlyCount "103"]
[EventDate "2017.09.03"]
[EventType "team-tourn"]
[EventRounds "11"]
[EventCountry "SRB"]
[SourceTitle "EXT 2022"]
[Source "ChessBase"]
[SourceDate "2021.10.06"]
[SourceVersion "1"]
[SourceVersionDate "2021.10.06"]
[SourceQuality "1"]

1. d4 d5 2. c4 e6 3. Nf3 Nf6 4. Nc3 c6 5. e3 Ne4 6. Bd3 f5 7. Ne5 Qf6 8. 0-0 Nd7 9. f4 h5 10. Be2 Qh6 11. Rf3 Ndf6 12. Rh3 g5 13. Nxe4 fxe4 14. fxg5 Qxg5 15. Rg3 Qf5 16. Bd2 Bd6 17. Rh3 Bxe5 18. dxe5 Qxe5 19. Bc3 Qf5 20. Qf1 e5 21. Rg3 Qe6 22. Rg5 Nd7 23. cxd5 cxd5 24. Bxh5+ Kd8 25. Qf7 Qh6 26. Qg6 Qxg6 27. Bxg6 Rg8 28. h4 Nf8 29. h5 Be6 30. Rf1 Kd7 31. Bxe5 Nxg6 32. hxg6 Raf8 33. Rxf8 Rxf8 34. g7 Rc8 35. Kf2 Ke7 36. Kg3 Kf7 37. Kf4 Ke7 38. Bc3 Bg8 39. Ke5 Be6 40. Rg6 Bg8 41. Rf6 Re8 42. Bb4+ Kd7+ 43. Kd4 Rc8 44. b3 b6 45. Bf8 Rc2 46. g4 Rg2 47. Rf4 Rd2+ 48. Ke5 Re2 49. Bb4 Rxe3 50. Rf8 Be6 51. Re8 Kxe8 52. Kxe6 1-0

[Event "SRB-chT3 East CS"]
[Site "Kladovo"]
[Date "2016.10.15"]
[Round "9.31"]
[White "Djoric, Dusan"]
[Black "Todorovic, Zoran D"]
[Result "1-0"]
[WhiteElo "2288"]
[BlackElo "2091"]
[PlyCount "49"]
[EventDate "2016.09.04"]
[EventType "team-tourn"]
[EventRounds "11"]
[EventCountry "SRB"]
[SourceTitle "EXT 2021"]
[Source "ChessBase"]
[SourceDate "2020.10.23"]
[SourceVersion "1"]
[SourceVersionDate "2020.10.23"]
[SourceQuality "1"]

1. d4 d5 2. Nf3 Nf6 3. c4 e6 4. g3 Nbd7 5. Bg2 Be7 6. 0-0 c5 7. cxd5 Nxd5 8. Nc3 0-0 9. e4 Nb4 10. d5 Bf6 11. a3 Bxc3 12. bxc3 Na6 13. dxe6 fxe6 14. Qd6 Nc7 15. Bf4 e5 16. Nxe5 Nxe5 17. Qxd8 Rxd8 18. Bxe5 Nb5 19. a4 Nd6 20. Rfd1 Nf7 21. Rxd8+ Nxd8 22. Bd6 Ne6 23. f4 g6 24. f5 gxf5 25. exf5 1-0

[Event "SRB-chT2 South"]
[Site "Nis"]
[Date "2013.10.19"]
[Round "4.6"]
[White "Velickovic, Dusan"]
[Black "Todorovic, Zoran D"]
[Result "1-0"]
[WhiteElo "1975"]
[BlackElo "2072"]
[PlyCount "67"]
[EventDate "2013.10.17"]
[EventType "team-swiss"]
[EventRounds "8"]
[EventCountry "SRB"]
[SourceTitle "EXT 2014"]
[Source "ChessBase"]
[SourceDate "2013.11.20"]
[SourceVersion "1"]
[SourceVersionDate "2013.11.20"]
[SourceQuality "1"]

1. d4 d5 2. Bg5 Bf5 3. e3 Nf6 4. f4 e6 5. c3 Be7 6. Bxf6 Bxf6 7. Nf3 Nd7 8. Bd3 Bxd3 9. Qxd3 c5 10. Nbd2 Qb6 11. Rb1 Rc8 12. g4 cxd4 13. exd4 Qd6 14. Qe3 Nb6 15. 0-0 0-0 16. h4 Nc4 17. Nxc4 dxc4 18. Rbe1 b5 19. a3 a5 20. Re2 b4 21. axb4 axb4 22. g5 Bd8 23. h5 Rb8 24. Ne5 Rc8 25. g6 fxg6 26. hxg6 hxg6 27. Qh3 Rf5 28. Nxg6 bxc3 29. Qh8+ Kf7 30. Ne5+ Kf6 31. Qh4+ g5 32. fxg5+ Kg7 33. Qh6+ Kg8 34. Qg6+ 1-0